Statistics for Band Members Quiz #2

Click here to take the quiz!

General Stats

  • This quiz has been taken 30,216 times
    (22,961 since last reset)
  • The average score is 11 of 22

Answer Stats

Members Group % Correct
Jagger, Richards, Watts, WoodThe Rolling Stones
96%
Bono, The Edge, Clayton, MullenU2
93%
Cobain, Novoselic, GrohlNirvana
89%
Mercury, May, Taylor, DeaconQueen
86%
Beckham, Halliwell, Chisholm,
Brown, Bunton
Spice Girls
77%
Timberlake, Kirkpatrick, Fatone,
Bass, Chasez
'N Sync
73%
Daltry, Townshend, Moon, EntwistleThe Who
68%
White, WhiteThe White Stripes
67%
Fältskog, Andersson, Lyngstad, UlvaeusABBA
54%
André 3000, Big BoiOutkast
54%
Fogerty, Fogerty, Cook, CliffordCreedence
Clearwater Revival
42%
Armstrong, Dirnt, CoolGreen Day
41%
ReznorNine Inch Nails
40%
Martin, Champion, Buckland, BerrymanColdplay
30%
Chuck D, Flavor Flav, Terminator XPublic Enemy
29%
Flowers, Keuning, Stoermer, VannucciThe Killers
25%
Reed, Cale, Morrison, TuckerThe Velvet
Underground
25%
Lachey, Lachey, Timmons, Jeffre98 Degrees
24%
Hill, Jean, MichelThe Fugees
24%
Michaels, Rockett, Dall, DeVillePoison
21%
Cuomo, Bell, Sharp, WilsonWeezer
19%
Anastasio, McConnell, Gordon, FishmanPhish
11%

Score Distribution

Percentile by Number Answered

Percent of People with Each Score

Your Score History

You have not taken this quiz since the last reset